Philosophy of man (Record no. 18086)
[ view plain ]
| 000 -LEADER | |
|---|---|
| fixed length control field | 00617nam a22002417a 4500 |
| 003 - CONTROL NUMBER IDENTIFIER | |
| control field | OSt |
| 005 - DATE AND TIME OF LATEST TRANSACTION | |
| control field | 20140310183000.0 |
| 008 - FIXED-LENGTH DATA ELEMENTS--GENERAL INFORMATION | |
| fixed length control field | 130208t xxu||||| |||| 00| 0 eng d |
| 020 ## - INTERNATIONAL STANDARD BOOK NUMBER | |
| International Standard Book Number | 9710858858 |
| 050 ## - LIBRARY OF CONGRESS CALL NUMBER | |
| Classification number | BD 111 |
| Item number | .C957 1995 |
| 082 ## - DEWEY DECIMAL CLASSIFICATION NUMBER | |
| Classification number | PSY-FIL 128 |
| Item number | .C88 1995 |
| 245 ## - TITLE STATEMENT | |
| Title | Philosophy of man |
| Statement of responsibility, etc | Cruz, Corazon L. |
| 250 ## - EDITION STATEMENT | |
| Edition statement | 3rd ed. |
| 260 ## - PUBLICATION, DISTRIBUTION, ETC. (IMPRINT) | |
| Place of publication, distribution, etc | Mandaluyong City |
| Name of publisher, distributor, etc | National Book Store |
| Date of publication, distribution, etc | 1995 |
| 300 ## - PHYSICAL DESCRIPTION | |
| Extent | x, 236 p. |
| Dimensions | 23 cm. |
| 521 ## - TARGET AUDIENCE NOTE | |
| Target audience note | |
| 526 ## - STUDY PROGRAM INFORMATION NOTE | |
| Reading level | 1210L-1700L |
| 541 ## - IMMEDIATE SOURCE OF ACQUISITION NOTE | |
| -- | 1 |
| 541 ## - IMMEDIATE SOURCE OF ACQUISITION NOTE | |
| -- | 2 |
| 541 ## - IMMEDIATE SOURCE OF ACQUISITION NOTE | |
| -- | 3 |
| 562 ## - COPY AND VERSION IDENTIFICATION NOTE | |
| Number of copies | 3 |
| 942 ## - ADDED ENTRY ELEMENTS (KOHA) | |
| Source of classification or shelving scheme | Library of Congress Classification |
| Koha item type | Books |
| Call number prefix | |
| Withdrawn status | Lost status | Source of classification or shelving scheme | Damaged status | Home library | Current library | Shelving location | Date acquired | Total Checkouts | Full call number | Barcode | Date last seen | Date checked out | Copy number | Price effective from | Koha item type | Source of acquisition |
|---|---|---|---|---|---|---|---|---|---|---|---|---|---|---|---|---|
| Library of Congress Classification | Archives | Archives | 05/21/2013 | BD 111 .C957 1995 | C3966 | 05/08/2018 | 2 | 05/21/2013 | Books | Donation | ||||||
| Library of Congress Classification | College Library | College Library | Filipiniana Section | 02/08/2013 | 1 | BD 111 .C957 1995 | c3965 | 05/08/2018 | 06/10/2014 | 1 | 02/08/2013 | Books | ||||
| Library of Congress Classification | College Library | College Library | Filipiniana Section | 05/21/2013 | 1 | BD 111 .C957 1995 | c5917 | 05/08/2018 | 06/19/2014 | 3 | 05/21/2013 | Books |